A Touch of greatness

Bibliographic Details
Main Author: Tibolt, Frank
Format: Book
Published: Singapore : Thinker's Library Pte.Ltd. , 1981
Subjects:

MARC

LEADER 00000cam a2200000 7i4500
001 0000008814
002 000009611
005 20000330.0
020 |a 9971957353 
090 0 0 |a 234.13   |b TIB 
100 1 |a Tibolt, Frank 
245 1 2 |a A Touch of greatness   |c Frank Tibolt 
260 |a Singapore :   |b Thinker's Library Pte.Ltd. ,   |c 1981 
300 |a 181p. ;   |c 22cm. 
650 0 0 |a Miracles 
999 |a 018139   |b BUKU   |c PINJAMAN   |e PERPUSTAKAAN KOMUNITI PETALING JAYA